Cleòstenes de Samos : els Jocs Olímpics / J. Carles Burriel, Marta Carranza, Lídia Flaqué els Jocs Olímpics / J. Carles Burriel, Marta Carranza, Lídia Flaqué
Publicado:
Barcelona :
Graó : Servei d'Ensenyament i Investigació de la Diputació de Barcelona ,
1986
Descripción Física:
59 p. : il. ; 20 x 21 cm
Colección:
Biblioteca de la classe ; 14
Materias:
Olimpíades -- Història
MARC
| LEADER | 00000nam a2200000Ia 4500 | ||
|---|---|---|---|
| 001 | 2057 | ||
| 008 | 160829s1986 xx 000 0 cat d | ||
| 080 | |a P-1-18 | ||
| 100 | |a Burriel i Paloma, Joan Carles |9 23822 | ||
| 245 | |a Cleòstenes de Samos : |b els Jocs Olímpics / J. Carles Burriel, Marta Carranza, Lídia Flaqué | ||
| 260 | |a Barcelona : |b Graó : |b Servei d'Ensenyament i Investigació de la Diputació de Barcelona, |c 1986 | ||
| 300 | |a 59 p. : |b il. ; |c 20 x 21 cm | ||
| 490 | |a Biblioteca de la classe ; 14 | ||
| 650 | |a Olimpíades |x Història |9 35291 | ||
| 700 | |a Poveda, Carme |9 1 | ||
| 700 | |a Carranza, Marta |9 35292 | ||
| 700 | |a Flaqué, Lídia |9 35293 | ||
| 710 | 1 | |a Barcelona (Catalunya : Província). |b Servei d'Ensenyament i Investigació |9 54366 | |
| 901 | |a Arxiu | ||
| 942 | |n 1 | ||
| 952 | |0 0 |1 0 |4 0 |6 P118 |7 1 |9 46847 |a Arxiu |b Arxiu |d 2016-12-01 |l 0 |o P-1-18 |p 2057 |r 2016-12-01 00:00:00 |w 2016-12-01 |y ARXIU | ||
| 999 | |c 50640 |d 50640 | ||